[Event "POL-chT13 DMP 2 liga corr"]
[Site "Poland"]
[Date "2000.??.??"]
[Round "?"]
[White "Cholojczyk, Zbigniew"]
[Black "Gasperowicz, Mieczyslaw"]
[Result "1-0"]
[WhiteElo "1800"]
[BlackElo "1600"]
[PlyCount "39"]
[EventDate "2000.??.??"]
[EventType "team (corr)"]
[EventRounds "14"]
[EventCountry "POL"]
[SourceTitle "Corr 2004"]
[Source "ChessBase"]
[SourceDate "2003.04.28"]
[SourceVersion "3"]
[SourceVersionDate "2003.04.28"]
[SourceQuality "1"]

1. e4 e5 2. Nf3 Nc6 3. Bb5 Nd4 4. Nxd4 exd4 5. 0-0 c6 6. Bc4 Nf6 7. Re1 d6 8. d3 Be7 9. c3 dxc3 10. Nxc3 d5 11. exd5 cxd5 12. Nxd5 Nxd5 13. Qh5 g6 14. Qxd5 0-0 15. Qxd8 Bxd8 16. Bh6 Ba5 17. Re7 Bb4 18. Bxf8 Bxe7 19. Bxe7 Kg7 20. Re1 1-0